| 000 | 02758nam0a2200397 4500 | ||
|---|---|---|---|
| 001 | RU\NLR\BIBL_A\021985389 | ||
| 005 | 20231124111447.0 | ||
| 010 |
_a978-5-6049630-1-2 _91000 |
||
| 021 |
_aRU _bКН-П-23-037877 _9КН-П-23-3760 |
||
| 035 | _a(NLR Aleph) 021985389 | ||
| 035 | _a(RuMoRGB)011844816 | ||
| 090 |
_a12411481 _c12411481 |
||
| 100 | _a20230721d2023 u y0rusy50 ca | ||
| 101 | 0 | _arus | |
| 102 | _aRU | ||
| 105 | _aа|||z|||000zy | ||
| 181 | 0 |
_ai3 _baxxe |
|
| 182 | 0 | _an | |
| 200 | 1 |
_aОценка пищевого статуса, способы его коррекции и принципы нутритивной поддержки у детей с детским церебральным параличом _eметодические рекомендации _fСтрокова Татьяна Викторовна, доктор медицинских наук, профессор, Батышева Татьяна Тимофеевна, доктор медицинских наук, профессор, заслуженный врач РФ, Пырьева Екатерина Анатольевна, кандидат медицинских наук [и др.] _gМинистерство науки и высшего образования Российской Федерации, Федеральное государственное бюджетное учреждение науки Федеральный исследовательский центр питания, биотехнологии и безопасности пищи |
|
| 203 |
_aТекст _bвизуальный _cнепосредственный |
||
| 210 |
_aМосква _cРазвитие _d2023 |
||
| 215 |
_a119 с. _cил., цв. ил., табл. _d24 |
||
| 300 | _aАвт. указаны на обороте тит. с. | ||
| 320 | _aБиблиогр.: с. 51-55 (73 назв.) | ||
| 606 | 1 |
_aНутриционный статус детей _xОценка при детском церебральном параличе _jМетодические пособия _2nlr_sh2 _3RU\NLR\AUTH\6601672442 |
|
| 675 |
_a616.831-009.11-053.2-085.874 _v4 |
||
| 686 | 1 | _aР733.627.706.1-2я8 | |
| 701 | 1 |
_aСтрокова _bТ. В. _gТатьяна Викторовна |
|
| 701 | 1 |
_aБатышева _bТ. Т. _gТатьяна Тимофеевна |
|
| 701 | 1 |
_aПырьева _bЕ. А. _gЕкатерина Анатольевна |
|
| 712 | 0 | 2 |
_aФедеральный исследовательский центр питания, биотехнологии и безопасности пищи _cМосква _3RU\NLR\AUTH\880440820 _4475 |
| 942 | _cBOOK | ||
| 980 | _aNB | ||